000 00690nam a2200229Ia 4500
003 OSt
005 20220928115350.0
006 a|||||r|||| 00| 0
007 ta
008 220927b |||||||| |||| 00| 0 eng d
024 _a25586
037 _cReference Collections
040 _aSDCL
_cSDCL
_beng
041 _2eng
_aeng
082 _aY7w1,N, N3 RR
100 _aErickson Paul A
_9444008
245 0 _aAnthropological lives
_b Biographies of eminent anthropologists.
260 _aNew Delhi
_bReliance Publishing House
_c1993
300 _axi,156p
_ccm.
942 _hY7w1,N, N3 RR
_cREF
_2CC
999 _c759142
_d759142